| 000 | 00569nam a2200181Ia 4500 | ||
|---|---|---|---|
| 999 |
_c23427 _d23427 |
||
| 003 | OSt | ||
| 005 | 20200515090757.0 | ||
| 008 | 190216s9999||||xx |||||||||||||| ||und|| | ||
| 020 | _a9789675062834 | ||
| 040 | _coclc | ||
| 082 |
_a297.4 _bARB/I |
||
| 100 |
_aArberry, Arthur J _92250 |
||
| 245 | 3 |
_aAn Introduction To The History Of Sufism / _c Arthur J Arberry |
|
| 260 |
_bIslamic Book Trust, _c2011. _aKuala Lumpur: |
||
| 300 | _a131p | ||
| 650 | 0 |
_aHistory & geography _vIslamic History _92271 |
|
| 942 |
_cBK _2ddc _h297.4 _iARB/I _k297.4 _mARB/I |
||